000
00305nam a22001337a 4500
008
170508b xxu||||| |||| 00| 0 eng d
020
_a
9780314205858
041
_a
eng
080
_a
34
100
_a
15
101
_a
SHJ
245
_a
LEADING CASES IN CONSTITUTIONAL LAW
_c
CHOPER, J.H
942
_2
udc
_c
BK
999
_c
12908
_d
12908